LIBRARY & INFORMATION CENTRE, KCAET, TAVANUR

ONLINE PUBLIC ACCESS CATALOGUE (OPAC)

Bhuparishkaranangalum Samuhya Sampathika parivarthanavum Keralathil / (Record no. 1044)

MARC details
000 -LEADER
fixed length control field 00460cam a2200169ua 4500
041 ## - LANGUAGE CODE
Language code of text/sound track or separate title mal
082 ## - DEWEY DECIMAL CLASSIFICATION NUMBER
Classification number 333.31
Item number OOM/BH
100 ## - MAIN ENTRY--AUTHOR NAME
Personal name Oommen, M.A .
245 ## - TITLE STATEMENT
Title Bhuparishkaranangalum Samuhya Sampathika parivarthanavum Keralathil /
260 ## - PUBLICATION, DISTRIBUTION, ETC. (IMPRINT)
Place of publication Trivandrum :
Name of publisher State Institute of Languages ,
Year of publication 1972.
300 ## - PHYSICAL DESCRIPTION
Number of Pages 98 ; .
942 ## - ADDED ENTRY ELEMENTS (KOHA)
Koha item type Books
Holdings
Withdrawn status Lost status Damaged status Home library Current library Date acquired Full call number Accession Number Koha item type
Withdrawn     KAUAET Sanskrit University 07/04/2012 333.31 13617 Books
free website counter